Statistics for How To Train Your Dragon Hiccup Quotes

Click here to take the quiz!

General Stats

  • This quiz has been taken 242 times
    (238 since last reset)
  • The average score is 8 of 12

Answer Stats

Hint Answer % Correct
Huh, toothless. I could've sworn you had .... _______teeth
92%
Everything we know about them is ________wrong
89%
And now the spinning. Thank you, you ______ _________useless reptile
79%
We need her to ____ uslike
79%
You just _________ to all of megestured
77%
We're vikings. It's an ________ _______occupational hazard
75%
Thank you, for _________ that upsumming
69%
Let's go, ___bud
61%
Why is this so _______ to youimportant
59%
It's ___ timego
57%
Well it's satisfying to know that all of our food has ___ _____ ____ _ ____been dumped down a hole
38%
Thank you, thank you. _ ___ ______I was trying
18%

Score Distribution

Percentile by Number Answered

Percent of People with Each Score

Your Score History

You have not taken this quiz since the last reset